000 02035cam a22003135a 4500
001 L158581
002 20119
008 080903s2014 xxk def 001 0 eng d
020 _a9781119968627
035 _a(Sirsi) u158581
041 0 _aeng
050 0 4 _a658.1552 $2 18
100 1 _aKirkham, Richard J.
245 0 0 _aFerry and Brandon's cost planning of buildings
250 0 _a9th ed.
260 _aOxford
_bBlackwell Publishing
_c2014
300 _axxiv, 326p.
_bill. $2 5 cm.
350 _a£38.50
505 2 _aThe discipline of cost planning -- Research and development in cost planning practice -- The three stages of cost planning -- Phase 1: Cost planning at the briefing stage -- Phase 2: Cost planning at the design stage -- Phase 3: Cost planning and control at production and operation -- Appendix A: BCIS elemental cost analysis -- Appendix B: Discount rate tables -- Index
520 _aDevelops the subject of cost planning in the procurement of buildings. This update includes the recent changes in the UK construction industry. Contains topics such as procurement innovation, whole life-cycle costing and modelling techniques. Textbook contains the fundamentals for cost planning practice and for students studying for quantity surveyor degrees and construction management degrees. Develops the principles of cost planning from a pre-contract and a post-contract perception. Discusses the role of effective briefing and client and stakeholder engagement. Analyses the role of the quantity surveyor and of the building economist. Emphasises the need for the design team members to work in collaboration as early as possible in the course of the project.
521 _aAdvanced
590 _aKA
651 4 _aUnited Kingdom
_y
690 _aBUILT ENVIRONMENT-QUANTITY SURVEYING-CONSTRUCTION COST MANAGEMENT-CONSTRUCTION COST PLANNING
700 1 _aGreenhalgh, Brian
700 1 _aWaterman, Anthony
710 1 _aLiverpool John Moores University
_bSchool of the Built Environment
_95646
942 _n0
999 _c115398
_d115398